States with the Most Carrabba's Italian Grill Locations Quiz - Statistics

General Stats
  • This quiz has been taken 28 times
    15 since last reset
  • The average score is 7 of 10
Answer Stats
# State % Correct
65 Florida
91%
14 Texas
91%
9 Virginia
91%
13 Georgia
82%
8 Maryland
73%
13 North Carolina
73%
9 Ohio
64%
8 Tennessee
64%
7 Arizona
27%
8 Michigan
18%
No matching quizzes found
Score Distribution
Percent of People with Each Score
Percentile by Number Answered
Your Score History
You have not taken this quiz since the last reset